| 000 | 02675nam a2200469 c 4500 | ||
|---|---|---|---|
| 003 | BLK | ||
| 005 | 20230215143350.0 | ||
| 008 | 180409b bul|||||r ||||||| ||bul|| | ||
| 010 | _aKNG00119593000 | ||
| 020 |
_a978-954-771-182-2 _bиздат.: Кръгозор |
||
| 040 | _aBLK | ||
| 041 |
_aBUL _cBUL |
||
| 072 | 7 |
_2bullib _aН37 _xОбразование. Педагогика Н |
|
| 080 |
_aБългарски език в основното училище. Методика на обучението _b373.3.016:811.163.2 _x(079)(075.2) _z373.3.016:811.163.2(079)(075.2) |
||
| 080 |
_aЛитература в основното училище. Методика на обучението _b373.3.016:821 _x(079)(075.2) _z373.3.016:821(079)(075.2) |
||
| 100 | 1 |
_aХристова-Плашилска, Маргарита Георгиева _eпърви автор _9376128 |
|
| 700 | 1 |
_aНикова, Румяна Йовева _e* _9374950 |
|
| 700 | 1 |
_aГабровска, Веска Василева _eсъавт. _9376127 |
|
| 700 | 1 |
_aЙовева, Румяна _eсъавт. _gНикова, Румяна Йовева _9366492 |
|
| 700 | 1 |
_aГеоргиева, Маргарита _e* _gХристова-Плашилска, Маргарита Георгиева _9369188 |
|
| 139 |
_aГеоргиева, Маргарита и др. _bГ 37 |
||
| 245 | 1 | 0 |
_aТестове по български език и литература за V клас _bНац. проверка V кл. _cМаргарита Георгиева Христова-Плашилска; * Румяна Йовева Никова; съавт. Веска Василева Габровска; съавт. Румяна Йовева; * Маргарита Георгиева. |
| 257 | _aBGR | ||
| 260 |
_аСофия _bКръгозор _c2008 |
||
| 300 |
_a144 с. _c21 см |
||
| 380 | _a3 | ||
| 490 | 1 | _aПишете за отличен | |
| 500 | _aПълното име на първата авт. е Маргарита Георгиева Христова-Плашилска, а на втората - Румяна Йовева Никова. | ||
| 650 | 4 |
_aБългарски език - тестове - учебни помагала _9244102 |
|
| 650 | 4 |
_aЛитература - тестове - учебни помагала _9278622 |
|
| 653 | _aлитература | ||
| 653 | _aбългарски език | ||
| 653 | _aтестове | ||
| 653 | _aV кл. | ||
| 653 | _aучебници за основни училища | ||
| 659 | _aН | ||
| 852 | _aЦб 248560 | ||
| 856 | 4 |
_qpdf _u |
|
| 856 | 4 |
_qpdf _u |
|
| 942 |
_cKNG _n0 _04 |
||
| 944 |
_aCR _c09.09.2010 _lф / 31.08.2010 _kЛюдмила_Стоянова |
||
| 944 |
_aED _c24.01.2012 _lф / 31.08.2010 _k |
||
| 999 |
_c114162 _d114162 |
||